| 000 | 00744nam a22001937a 4500 | ||
|---|---|---|---|
| 999 |
_c4523 _d4523 |
||
| 003 | AR-CdUCM | ||
| 008 | 190308b ||||| |||| 00| 0 spa d | ||
| 040 |
_aMUNICIPALIDAD PROVINCIAL DEL CUSCO _cBIBLIOTECA MUNICIPAL DEL CUSCO |
||
| 082 |
_28ed. _a901.1 / _bV28 |
||
| 100 |
_aVan Loon, Hendrik Willem _914178 |
||
| 245 | _aHistoria de la humanidad / | ||
| 260 |
_aMéxico, D. F : _bDiana, _c1963. |
||
| 300 |
_a534 paginas ; _c20 cm. |
||
| 505 | _aDisposición de la escena -- Nuestros antepasados -- Como empezó el hombre prehistórico a valerse por su propia industria -- Los egipcios inventan la escritura ... | ||
| 650 |
_aHistoria de la humanidad _914179 |
||
| 700 |
_aGutiérrez Gili, Juan _914180 |
||
| 942 |
_2ddc _cLIBROS |
||
| 945 | _aacv | ||